Biblioteca "Ernesto Sabato"
Facultad de Derecho y Ciencias Sociales
Facultad de Lenguas
Universidad Nacional del Comahue

La desigualdad y los impuestros (Record no. 35336)

MARC details
000 -CABECERA
campo de control de longitud fija 00663nam a22002177a 4500
003 - IDENTIFICADOR DEL NÚMERO DE CONTROL
campo de control OSt
005 - FECHA Y HORA DE LA ÚLTIMA TRANSACCIÓN
campo de control 20220602131111.0
008 - DATOS DE LONGITUD FIJA--INFORMACIÓN GENERAL
campo de control de longitud fija 181211b xxu||||| |||| 00| 0 spa d
020 ## - ISBN
Número Internacional Estándar del Libro 978-987-614-325-7
040 ## - FUENTE DE LA CATALOGACIÓN
Centro/agencia transcriptor Biblioteca Ernesto Sábato
092 ## - SIGNATURA TOPOGRÁFICA
Número de clasificación 330.09
Libristica N972
Sector JLS
100 ## - Autor Personal
Nombre de persona Nun, José
245 ## - MENCIÓN DE TÍTULO
Título La desigualdad y los impuestros
Resto del título I : Introducción para no especialistas; II : Materiales para la discusión
260 ## - PUBLICACIÓN, DISTRIBUCIÓN, ETC. (PIE DE IMPRENTA)
Lugar de publicación, distribución, etc. Buenos Aires
Nombre del editor, distribuidor, etc. Capital Intelectual
Fecha de publicación, distribución, etc. 2011
300 ## - DESCRIPCIÓN FÍSICA
Paginas 2 v.
440 ## - MENCIÓN DE SERIE/PUNTO DE ACCESO ADICIONAL--TÍTULO
Título Claves para todos. Dirigida por José Nun
Número de parte o sección de la obra 119
-- 120
650 ## - Descriptores Tematicos
Término de materia o nombre geográfico como elemento inicial ECONOMIA
650 ## - Descriptores Tematicos
Término de materia o nombre geográfico como elemento inicial DESIGUALDAD
650 ## - Descriptores Tematicos
Término de materia o nombre geográfico como elemento inicial JLS
942 ## - ELEMENTOS DE PUNTO DE ACCESO ADICIONAL (KOHA)
Fuente del sistema de clasificación o colocación Dewey Decimal Classification
Tipo de ítem Koha JLS
Holdings
Estado de retiro Estado de pérdida Fuente del sistema de clasificación o colocación Estado dañado No para préstamo Localización permanente Ubicación/localización actual Fecha de adquisición Número de inventario Total de préstamos Signatura topográfica completa Código de barras Fecha visto por última vez Precio válido a partir de Tipo de ítem Koha
    Dewey Decimal Classification     Biblioteca Ernesto Sabato - FADECS - UNCOMA Biblioteca Ernesto Sabato - FADECS - UNCOMA 02/06/2022 25876   330.09 N972 25876 02/06/2022 02/06/2022 JLS
    Dewey Decimal Classification     Biblioteca Ernesto Sabato - FADECS - UNCOMA Biblioteca Ernesto Sabato - FADECS - UNCOMA 02/06/2022 25877   330.09 N972 25877 02/06/2022 02/06/2022 JLS
Facultad de Derecho y Ciencias Sociales | Universidad Nacional del Comahue | Mendoza y Perú General Roca | Río Negro CP (8332) | Patagonia Argentina | Teléfono: 54-0298-4433670 | | Fax: 0298-4432093 | Fax alumnos: 0298-4435700